| 000 | 01019pam a2200289 a 4500 | ||
|---|---|---|---|
| 999 |
_c9267 _d9267 |
||
| 001 | 2033179 | ||
| 003 | OSt | ||
| 005 | 20210111153014.0 | ||
| 008 | 921102s1993 txu b 000 0 eng | ||
| 010 | _a 92036199 | ||
| 020 |
_a0849934990 (pbk.) : _c$14.99 |
||
| 040 |
_aDLC _cDLC _dDLC |
||
| 043 | _an-us--- | ||
| 050 | 0 | 0 |
_aHN35 _b.S25 1993 |
| 082 | 0 | 0 |
_a261.8/3 _220 |
| 245 | 0 | 0 |
_aSalt & light : _ba Christian response to current issues / _c[edited by] David J. Gyertson. |
| 260 |
_aDallas : _bWord Pub., _cc1993. |
||
| 300 |
_a283 p. ; _c23 cm. |
||
| 504 | _aIncludes bibliographical references. | ||
| 650 | 0 |
_aChurch and social problems _xChristianity. |
|
| 650 | 0 |
_aChurch and social problems _zUnited States. |
|
| 700 | 1 |
_aGyertson, David J., _d1946- |
|
| 740 | 1 | _aSalt and light. | |
| 906 |
_a7 _bcbc _corignew _d1 _eocip _f19 _gy-gencatlg |
||
| 942 |
_2ddc _cBK |
||